Control de producción /
Guardado en:
| Autor Principal: | |
|---|---|
| Formato: | Libro |
| Idioma: | Spanish |
| Publicado: |
Barcelona :
Hispano-Europea,
1967.
|
| Edición: | 2. ed. |
| Etiquetas: |
Agregar Etiqueta
Sin Etiquetas, Sea el primero en etiquetar este registro!
|
| LEADER | 00510nam a22001575a 4500 | ||
|---|---|---|---|
| 001 | EUN.um035621 | ||
| 008 | 041125s1967####sp############000#0#spa#d | ||
| 005 | 20180914080744.0 | ||
| 245 | 1 | 0 | |a Control de producción / |c William Voris. |
| 260 | |a Barcelona : |b Hispano-Europea, |c 1967. | ||
| 300 | |a 593 p. | ||
| 250 | |a 2. ed. | ||
| 100 | 1 | |a Voris, William. | |
| 082 | 0 | 4 | |a 658.51 |
| 859 | |a Ar-BaUNS |b BIB. CENTRAL - Sector C |h 658.51 |i V915a2 |p 54572/970 |t Ej.2 | ||
| 859 | |a Ar-BaUNS |b BIB. CENTRAL - Sector C |h 658.51 |i V915a2 |p 54571/970 |t Ej.3 | ||
